| 000 | 00665nam a2200241Ia 4500 | ||
|---|---|---|---|
| 003 | OSt | ||
| 005 | 20221005051243.0 | ||
| 006 | a|||||r|||| 00| 0 | ||
| 007 | ta | ||
| 008 | 221004b |||||||| |||| 00| 0 eng d | ||
| 024 | _a71935 | ||
| 037 | _cTextual | ||
| 040 |
_aCRL _cCRL _beng |
||
| 041 |
_2eng _aeng |
||
| 082 | _aV44974:594.N, M6 | ||
| 100 |
_aCross J P _9595766 |
||
| 245 | 0 |
_aGurkha company _b British army Gurkhas 1948 to the present.1986. |
|
| 260 |
_aLondon _bArms and amour press 1986 _c1986 |
||
| 300 |
_a203p. _ccm. |
||
| 650 | _aHISTORY | ||
| 942 |
_hV44974:594.N, M6 _cTEXL _2cc |
||
| 999 |
_c958473 _d958473 |
||